000 00587nam a2200241Ia 4500
003 OSt
005 20221005124239.0
006 a|||||r|||| 00| 0
007 ta
008 221004b |||||||| |||| 00| 0 guj d
024 _a40921
037 _cTextual
040 _aCRL
_cCRL
_bguj
041 _2guj
_aguj
082 _aV2316.L, 156G3.2
100 _aJhaveri Au.
_9634913
245 0 _aMirate Ahamadi
260 _c1933
300 _a400p.
_ccm.
650 _aHISTORY
942 _hV2316.L, 156G3.2
_cTEXL
_2cc
999 _c1049871
_d1049871